Normal view
MARC view
Entry Personal Name
001 - CONTROL NUMBER
- control field: 21423
003 - CONTROL NUMBER IDENTIFIER
- control field: OSt
005 - DATE AND TIME OF LATEST TRANSACTION
- control field: 20151219142006.0
008 - FIXED-LENGTH DATA ELEMENTS
- fixed length control field: 151219|| aca||aabn | a|a d
040 ## - CATALOGING SOURCE
- Original cataloging agency: OSt
- Transcribing agency: OSt
100 ## - HEADING--PERSONAL NAME
- Personal name: Encyclopaedia Britannica Pvt Ltd
670 ## - SOURCE DATA FOUND
- Source citation: Work cat.: (OSt)40290: Encyclopaedia Britannica Pvt Ltd, 100 Years With Nobel Laureates, 2001









